[Event "CZE-chT2B 1920"]
[Site "Czech Republic"]
[Date "2019.12.01"]
[Round "4.6"]
[White "Spicka, Jan"]
[Black "Hrbolka, Ladislav"]
[Result "1-0"]
[WhiteElo "1890"]
[BlackElo "2069"]
[PlyCount "99"]
[EventDate "2019.10.13"]
[EventType "team-tourn"]
[EventRounds "11"]
[EventCountry "CZE"]
[SourceTitle "EXT 2024"]
[Source "ChessBase"]
[SourceDate "2023.10.10"]
[SourceVersion "1"]
[SourceVersionDate "2023.10.10"]
[SourceQuality "1"]
[WhiteTeam "Karlovy Vary Tietz II"]
[BlackTeam "Udlice"]
[WhiteTeamCountry "CZE"]
[BlackTeamCountry "CZE"]

1. e4 c5 2. Nc3 Nc6 3. f4 g6 4. Nf3 Bg7 5. Bc4 e6 6. 0-0 Nge7 7. d3 d5 8. Bb3 0-0 9. Kh1 Nd4 10. Nxd4 cxd4 11. Ne2 dxe4 12. dxe4 b6 13. Ng3 Kh8 14. Bd2 a5 15. Bc4 Bd7 16. Bd3 f5 17. Qe2 Bc6 18. Rfe1 Ra7 19. Rad1 Qb8 20. Bc1 b5 21. Qf2 Rd7 22. Bd2 Ra7 23. e5 Rd8 24. Ne2 Qb6 25. c3 Bd5 26. Nxd4 Bxa2 27. Be3 Nd5 28. Nxf5 Nxe3 29. Qxe3 Qxe3 30. Nxe3 Bh6 31. g3 Bb3 32. Bc2 Rxd1 33. Rxd1 Bxc2 34. Nxc2 g5 35. Nd4 gxf4 36. Nxe6 Kg8 37. Nxf4 b4 38. cxb4 axb4 39. e6 Kf8 40. Rd7 Rxd7 41. exd7 Ke7 42. Nd5+ Kxd7 43. Nxb4 Kd6 44. Kg2 Kc5 45. Nd3+ Kc4 46. Ne5+ Kb3 47. Nf7 Bc1 48. Kf3 Kxb2 49. Kg4 Kc3 50. Ng5 1-0

[Event "CZE-chT2B 1819"]
[Site "Czech Republic"]
[Date "2019.01.27"]
[Round "7.3"]
[White "Spicka, Jan"]
[Black "Pribyl, Jakub"]
[Result "1/2-1/2"]
[WhiteElo "1899"]
[BlackElo "2113"]
[PlyCount "48"]
[EventDate "2018.10.14"]
[EventType "team-tourn"]
[EventRounds "11"]
[EventCountry "CZE"]
[SourceTitle "EXT 2022"]
[Source "ChessBase"]
[SourceDate "2021.10.06"]
[SourceVersion "1"]
[SourceVersionDate "2021.10.06"]
[SourceQuality "1"]
[WhiteTeam "Karlovy Vary Tietz II"]
[BlackTeam "Teplice"]
[WhiteTeamCountry "CZE"]
[BlackTeamCountry "CZE"]

1. e4 e5 2. Bc4 Nf6 3. d4 exd4 4. Nf3 Bc5 5. 0-0 d6 6. Nxd4 0-0 7. Nc3 Nc6 8. Nxc6 bxc6 9. Bg5 h6 10. Bh4 Re8 11. Qd3 Rb8 12. b3 Qe7 13. Bxf6 Qxf6 14. Na4 Ba3 15. Rad1 Bd7 16. f3 Rbd8 17. Qc3 Qxc3 18. Nxc3 Be6 19. Bxe6 fxe6 20. g3 Kf7 21. Rd3 Ke7 22. Kg2 Kd7 23. Rfd1 Bc5 24. Na4 Bb6 1/2-1/2

[Event "CZE-chT2B 1819"]
[Site "Czech Republic"]
[Date "2019.01.13"]
[Round "6.3"]
[White "Klement, Lukas"]
[Black "Spicka, Jan"]
[Result "1/2-1/2"]
[WhiteElo "2254"]
[BlackElo "1899"]
[PlyCount "110"]
[EventDate "2018.10.14"]
[EventType "team-tourn"]
[EventRounds "11"]
[EventCountry "CZE"]
[SourceTitle "EXT 2022"]
[Source "ChessBase"]
[SourceDate "2021.10.06"]
[SourceVersion "1"]
[SourceVersionDate "2021.10.06"]
[SourceQuality "1"]
[WhiteTeam "Podborany"]
[BlackTeam "Karlovy Vary Tietz II"]
[WhiteTeamCountry "CZE"]
[BlackTeamCountry "CZE"]

1. e4 c5 2. Nf3 Nc6 3. Bb5 g6 4. 0-0 Bg7 5. Re1 e5 6. c3 Nge7 7. d4 cxd4 8. cxd4 exd4 9. Bf4 0-0 10. Bd6 a6 11. Bf1 h6 12. Nbd2 Re8 13. a4 b6 14. Qb3 Na5 15. Qa2 Nec6 16. Rac1 Nb7 17. Ba3 Qf6 18. Bd3 Ne5 19. Nxe5 Qxe5 20. Nf3 Qh5 21. Bc4 g5 22. h3 d6 23. Bd5 Be6 24. b4 g4 25. hxg4 Qxg4 26. Rc7 Nd8 27. Qd2 Rb8 28. Bb2 a5 29. b5 h5 30. Nh2 Qg6 31. f4 Qg3 32. Nf3 h4 33. Bc6 Nxc6 34. bxc6 Bg4 35. Nxd4 Bh6 36. Qf2 Qxf2+ 37. Kxf2 Bxf4 38. Kg1 d5 39. Ra7 dxe4 40. Rf1 Be3+ 41. Kh1 Bh5 42. Nf5 Bc5 43. Nh6+ Kh7 44. Nxf7 Bxf7 45. Raxf7+ Kh6 46. R1f6+ Kg5 47. Rg7+ Kh5 48. c7 Rbc8 49. Rf5+ Kh6 50. Bf6 Re6 51. Rd7 e3 52. Bxh4 e2 53. g4 e1Q+ 54. Bxe1 Rxe1+ 55. Kg2 Re7 1/2-1/2

[Event "CZE-chT U18 Extraliga final-B 1718"]
[Site "Czech Republic"]
[Date "2018.04.20"]
[Round "8.2"]
[White "Spicka, Jan"]
[Black "Sajdl, Jan"]
[Result "1/2-1/2"]
[WhiteElo "2015"]
[BlackElo "1688"]
[PlyCount "116"]
[EventDate "2017.10.07"]
[EventType "team-tourn"]
[EventRounds "11"]
[EventCountry "CZE"]
[SourceTitle "EXT 2023"]
[Source "ChessBase"]
[SourceDate "2022.10.05"]
[SourceVersion "1"]
[SourceVersionDate "2022.10.05"]
[SourceQuality "1"]
[WhiteTeam "Karlovy Vary (U18)"]
[BlackTeam "Jicin (U18)"]
[WhiteTeamCountry "CZE"]
[BlackTeamCountry "CZE"]

1. e4 c5 2. Nf3 a6 3. d4 cxd4 4. Nxd4 Nf6 5. Nc3 e5 6. Nf3 Bb4 7. Bd2 d6 8. Bd3 Nc6 9. h3 0-0 10. 0-0 Be6 11. a3 Bc5 12. Ng5 Qd7 13. Kh1 h6 14. Nxe6 fxe6 15. f4 exf4 16. Bxf4 e5 17. Bc4+ Kh8 18. Bd2 Ne7 19. Qe2 Bd4 20. Rad1 Ng6 21. Nb1 Rac8 22. Bb3 Qc6 23. Rfe1 Qb6 24. Nc3 Nh7 25. Nd5 Qd8 26. Qg4 Ne7 27. Nxe7 Qxe7 28. c3 Bf2 29. Rf1 Bh4 30. Be3 Bg5 31. Bxg5 Nxg5 32. h4 Nh7 33. g3 Rcd8 34. Qe2 Nf6 35. Rf3 Qd7 36. Kg2 Qg4 37. Re3 Qg6 38. Bd5 Nxd5 39. Rxd5 Rf6 40. h5 Qg5 41. Red3 Re6 42. Qd1 Qf6 43. Rf3 Qe7 44. Qf1 Kg8 45. Rdd3 Rf6 46. Rxf6 Qxf6 47. Qxf6 gxf6 48. Kf3 Kf7 49. c4 Ke7 50. Rb3 Rd7 51. Rb6 Rc7 52. b3 Ke6 53. Kf2 Kd7 54. c5 Rxc5 55. Rxb7+ Rc7 56. Rxc7+ Kxc7 57. Kf3 Kc6 58. b4 d5 1/2-1/2

[Event "Liberec op 18th"]
[Site "Liberec"]
[Date "2018.03.01"]
[Round "7"]
[White "Spicka, Jan"]
[Black "Hofman, Krystof"]
[Result "0-1"]
[WhiteElo "1992"]
[BlackElo "1819"]
[PlyCount "58"]
[EventDate "2018.02.24"]
[EventType "swiss"]
[EventRounds "9"]
[EventCountry "CZE"]
[SourceTitle "CBM 183 Extra"]
[Source "ChessBase"]
[SourceDate "2018.04.19"]
[SourceVersion "1"]
[SourceVersionDate "2018.04.19"]
[SourceQuality "1"]

1. e4 c5 2. Nf3 Nc6 3. d4 cxd4 4. Nxd4 g6 5. Nc3 Bg7 6. Be3 Nf6 7. f3 Qa5 8. Qd2 d6 9. 0-0-0 0-0 10. Kb1 Rd8 11. Bc4 Bd7 12. h4 Rdc8 13. Bb3 h5 14. g4 hxg4 15. h5 Nxh5 16. fxg4 Bxg4 17. Rdg1 Ne5 18. Rh4 Nf6 19. Bh6 Bh8 20. Qf4 Qc5 21. Qf2 Nf3 22. Rhxg4 Nxg1 23. Rxg1 e6 24. Rg5 Nxe4 25. Nxe4 Qxd4 26. Qxd4 Bxd4 27. Nxd6 Rd8 28. c3 Rxd6 29. cxd4 Kh7 0-1

[Event "CZE-chT2A 1718"]
[Site "Czech Republic"]
[Date "2018.01.28"]
[Round "7.6"]
[White "Spicka, Jan"]
[Black "Schmid, Jaroslav"]
[Result "1-0"]
[WhiteElo "1877"]
[BlackElo "1986"]
[PlyCount "83"]
[EventDate "2017.10.15"]
[EventType "team-tourn"]
[EventRounds "11"]
[EventCountry "CZE"]
[SourceTitle "EXT 2022"]
[Source "ChessBase"]
[SourceDate "2021.10.06"]
[SourceVersion "1"]
[SourceVersionDate "2021.10.06"]
[SourceQuality "1"]
[WhiteTeam "Sokolov"]
[BlackTeam "Praha Smichov"]
[WhiteTeamCountry "CZE"]
[BlackTeamCountry "CZE"]

1. e4 c5 2. Nf3 d6 3. d4 cxd4 4. Nxd4 Nf6 5. Nc3 a6 6. Be3 e6 7. f3 Be7 8. g4 b5 9. Qd2 Bb7 10. 0-0-0 Nfd7 11. Bd3 Nc6 12. Nxc6 Bxc6 13. Rhe1 b4 14. Ne2 d5 15. Nd4 Bb7 16. Nb3 Qc7 17. Bf4 e5 18. exd5 0-0 19. d6 Bxd6 20. Bxh7+ Kxh7 21. Qxd6 Qxd6 22. Rxd6 exf4 23. Rxd7 Bxf3 24. g5 Rad8 25. Rd4 Rxd4 26. Nxd4 Bd5 27. Rf1 f3 28. Nxf3 Re8 29. Kd2 Kg6 30. Kd3 Rc8 31. Ne5+ Kxg5 32. Nxf7+ Kh5 33. Nd6 Bc6 34. Kd4 Rc7 35. Rf4 g5 36. Rf5 Kg4 37. Nc4 Rd7+ 38. Ke3 Re7+ 39. Ne5+ Kh3 40. Kf2 Bb5 41. c4 bxc3 42. bxc3 1-0

[Event "CZE-chT U18 Extraliga West 1718"]
[Site "Czech Republic"]
[Date "2017.10.08"]
[Round "4.2"]
[White "Otruba, Marek"]
[Black "Spicka, Jan"]
[Result "0-1"]
[WhiteElo "1953"]
[BlackElo "2015"]
[PlyCount "56"]
[EventDate "2017.10.07"]
[EventType "team-tourn"]
[EventRounds "11"]
[EventCountry "CZE"]
[SourceTitle "EXT 2023"]
[Source "ChessBase"]
[SourceDate "2022.10.05"]
[SourceVersion "1"]
[SourceVersionDate "2022.10.05"]
[SourceQuality "1"]
[WhiteTeam "Ricany (U18)"]
[BlackTeam "Karlovy Vary (U18)"]
[WhiteTeamCountry "CZE"]
[BlackTeamCountry "CZE"]

1. e4 c5 2. Nf3 Nc6 3. d4 cxd4 4. Nxd4 Nf6 5. Nc3 e5 6. Ndb5 d6 7. Bg5 a6 8. Na3 b5 9. Nd5 Be7 10. Bxf6 Bxf6 11. Be2 Bg5 12. 0-0 0-0 13. c3 Ne7 14. Nxe7+ Qxe7 15. Nc2 Bb7 16. Bf3 Rad8 17. Nb4 f5 18. Nd5 Bxd5 19. Qxd5+ Kh8 20. Qc6 fxe4 21. Bxe4 d5 22. Bc2 Rf6 23. Qxf6 Qxf6 24. Rad1 e4 25. Rfe1 Rf8 26. Re2 Qc6 27. Bb3 Rd8 28. Bc2 Qc4 0-1

[Event "CZE-chT U18 Extraliga West 1718"]
[Site "Czech Republic"]
[Date "2017.10.07"]
[Round "2.2"]
[White "Nemcova, Karin"]
[Black "Spicka, Jan"]
[Result "1-0"]
[WhiteElo "1903"]
[BlackElo "2015"]
[PlyCount "73"]
[EventDate "2017.10.07"]
[EventType "team-tourn"]
[EventRounds "11"]
[EventCountry "CZE"]
[SourceTitle "EXT 2023"]
[Source "ChessBase"]
[SourceDate "2022.10.05"]
[SourceVersion "1"]
[SourceVersionDate "2022.10.05"]
[SourceQuality "1"]
[WhiteTeam "Praha Promat Oaza (U18)"]
[BlackTeam "Karlovy Vary (U18)"]
[WhiteTeamCountry "CZE"]
[BlackTeamCountry "CZE"]

1. e4 c5 2. Nf3 Nc6 3. d4 cxd4 4. Nxd4 Nf6 5. Nc3 e5 6. Ndb5 d6 7. Bg5 a6 8. Na3 b5 9. Nd5 Be7 10. Bxf6 Bxf6 11. c4 b4 12. Nc2 Rb8 13. b3 Bg5 14. g3 0-0 15. Bg2 Qa5 16. 0-0 Qc5 17. Kh1 Ne7 18. Nxe7+ Bxe7 19. Qd3 Be6 20. Rad1 Kh8 21. Ne3 g6 22. f4 exf4 23. gxf4 f5 24. exf5 Bxf5 25. Qe2 Rbe8 26. Rd5 Qc8 27. Nxf5 gxf5 28. Qd2 Qe6 29. Qxb4 Qe2 30. Re1 Qg4 31. Qd2 Bh4 32. Rg1 Re2 33. Qd3 Rg8 34. h3 Qh5 35. Qc3+ Rg7 36. Qxg7+ Kxg7 37. Bf3+ 1-0

[Event "Klatovy op-A 23rd"]
[Site "Klatovy"]
[Date "2017.07.07"]
[Round "7"]
[White "Spicka, Jan"]
[Black "Svanda, Ondrej"]
[Result "1/2-1/2"]
[WhiteElo "1959"]
[BlackElo "2061"]
[PlyCount "55"]
[EventDate "2017.07.01"]
[EventType "swiss"]
[EventRounds "9"]
[EventCountry "CZE"]
[SourceTitle "EXT 2018"]
[Source "ChessBase"]
[SourceDate "2017.10.13"]
[SourceVersion "1"]
[SourceVersionDate "2017.10.13"]
[SourceQuality "1"]

1. d4 Nf6 2. Bf4 e6 3. e3 c5 4. c3 b6 5. Nf3 Bb7 6. Nbd2 Be7 7. Bd3 cxd4 8. exd4 0-0 9. 0-0 d6 10. h3 Nbd7 11. Re1 Qc7 12. Qc2 Rfe8 13. Rad1 Rac8 14. a3 h6 15. Bh2 a6 16. Ne4 Nxe4 17. Bxe4 Bxe4 18. Qxe4 Nf6 19. Qd3 b5 20. Nd2 Qc6 21. Re2 a5 22. Rde1 Nd5 23. f4 Bh4 24. Rf1 f5 25. Nf3 Bf6 26. g4 Qc4 27. Qxc4 bxc4 28. Rfe1 1/2-1/2

[Event "Klatovy op-A 23rd"]
[Site "Klatovy"]
[Date "2017.07.03"]
[Round "3"]
[White "Zeman, Matyas"]
[Black "Spicka, Jan"]
[Result "1-0"]
[WhiteElo "2166"]
[BlackElo "1959"]
[PlyCount "39"]
[EventDate "2017.07.01"]
[EventType "swiss"]
[EventRounds "9"]
[EventCountry "CZE"]
[SourceTitle "EXT 2018"]
[Source "ChessBase"]
[SourceDate "2017.10.13"]
[SourceVersion "1"]
[SourceVersionDate "2017.10.13"]
[SourceQuality "1"]

1. d4 Nf6 2. Bf4 g6 3. Nc3 Bg7 4. e4 d6 5. Qd2 Nbd7 6. 0-0-0 0-0 7. e5 Nh5 8. Bh6 Nb6 9. Be2 Bxh6 10. Qxh6 Ng7 11. g4 f5 12. Nh3 Ne6 13. d5 Nxd5 14. Nxd5 Rf7 15. gxf5 Rxf5 16. Bg4 Rxe5 17. Bxe6+ Bxe6 18. Ng5 Rxg5 19. Qxg5 Bxd5 20. Qxd5+ 1-0

[Event "Klatovy op-A 23rd"]
[Site "Klatovy"]
[Date "2017.07.01"]
[Round "1"]
[White "Toman, Ondrej"]
[Black "Spicka, Jan"]
[Result "1/2-1/2"]
[WhiteElo "2206"]
[BlackElo "1959"]
[PlyCount "84"]
[EventDate "2017.07.01"]
[EventType "swiss"]
[EventRounds "9"]
[EventCountry "CZE"]
[SourceTitle "EXT 2018"]
[Source "ChessBase"]
[SourceDate "2017.10.13"]
[SourceVersion "1"]
[SourceVersionDate "2017.10.13"]
[SourceQuality "1"]

1. e4 c5 2. Nf3 Nc6 3. Bb5 g6 4. 0-0 Bg7 5. d3 d6 6. Bxc6+ bxc6 7. h3 e5 8. c4 Ne7 9. a3 a5 10. Nc3 0-0 11. Rb1 Rb8 12. Bd2 h6 13. Na2 Be6 14. b4 cxb4 15. axb4 axb4 16. Rxb4 f5 17. Rxb8 Qxb8 18. Nc3 Kh7 19. Qc2 Qc7 20. Ra1 Rb8 21. Ra6 Bc8 22. Ra2 Be6 23. Be3 f4 24. Bd2 g5 25. Rb2 g4 26. hxg4 Bxg4 27. Nh2 Be6 28. Rxb8 Qxb8 29. Na4 Ng6 30. Qb2 Qxb2 31. Nxb2 d5 32. Ba5 dxe4 33. dxe4 Bf8 34. Nf3 Ba3 35. Nd3 Bxc4 36. Ndxe5 Nxe5 37. Nxe5 Bb5 38. Bd2 c5 39. Bxf4 c4 40. Nf3 Bc6 41. Nd2 Bc1 42. Be3 c3 1/2-1/2

[Event "Kouty nad Desnou op-A"]
[Site "Kouty nad Desnou"]
[Date "2017.03.18"]
[Round "9"]
[White "Spicka, Jan"]
[Black "Pycha, Patrik"]
[Result "0-1"]
[WhiteElo "1924"]
[BlackElo "2035"]
[PlyCount "58"]
[EventDate "2017.03.11"]
[EventType "swiss"]
[EventRounds "9"]
[EventCountry "CZE"]
[SourceTitle "CBM 177 Extra"]
[Source "ChessBase"]
[SourceDate "2017.04.27"]
[SourceVersion "1"]
[SourceVersionDate "2017.04.27"]
[SourceQuality "1"]

1. e4 e6 2. d4 d5 3. Nd2 Nf6 4. e5 Nfd7 5. Bd3 c5 6. c3 Nc6 7. Ne2 cxd4 8. cxd4 f6 9. exf6 Nxf6 10. Nf3 Bd6 11. 0-0 Qc7 12. Nc3 a6 13. a3 0-0 14. Qc2 Bd7 15. Re1 Rae8 16. Bg5 Re7 17. Rad1 Be8 18. h3 h6 19. Bc1 Nh5 20. b4 Kh8 21. Be3 Nf4 22. Bxf4 Rxf4 23. Be2 Bh5 24. g4 Ref7 25. gxh5 Rxf3 26. Bxf3 Rxf3 27. Kg2 Qf7 28. Ne2 Rxf2+ 29. Kg1 Bh2+ 0-1

[Event "Kouty nad Desnou op-A"]
[Site "Kouty nad Desnou"]
[Date "2017.03.17"]
[Round "8"]
[White "Berezjuk, Rostislav"]
[Black "Spicka, Jan"]
[Result "1/2-1/2"]
[WhiteElo "1846"]
[BlackElo "1924"]
[PlyCount "69"]
[EventDate "2017.03.11"]
[EventType "swiss"]
[EventRounds "9"]
[EventCountry "CZE"]
[SourceTitle "CBM 177 Extra"]
[Source "ChessBase"]
[SourceDate "2017.04.27"]
[SourceVersion "1"]
[SourceVersionDate "2017.04.27"]
[SourceQuality "1"]

1. d4 Nf6 2. Bf4 e6 3. e3 b6 4. Nf3 Bb7 5. Bd3 Be7 6. 0-0 Nh5 7. Re1 d6 8. Qe2 Nd7 9. h3 Nxf4 10. exf4 0-0 11. f5 e5 12. Nbd2 Bf6 13. dxe5 Nxe5 14. Nxe5 Bxe5 15. c3 Re8 16. Qg4 d5 17. Nf3 Qd6 18. Re2 Bf6 19. Rae1 Rxe2 20. Rxe2 c5 21. Qg3 Qxg3 22. fxg3 Kf8 23. Ne5 Bxe5 24. Rxe5 Re8 25. Rxe8+ Kxe8 26. f6 g6 27. g4 Kd7 28. Kf2 Ke6 29. g5 Ke5 30. h4 Bc8 31. Kf3 Bf5 32. Bb5 Be4+ 33. Kf2 Bf5 34. Kf3 Be4+ 35. Kf2 1/2-1/2

[Event "CZE-chT2A 1617"]
[Site "Czech Republic"]
[Date "2017.01.15"]
[Round "6.8"]
[White "Misicko, Jan"]
[Black "Spicka, Jan"]
[Result "1/2-1/2"]
[WhiteElo "2072"]
[BlackElo "1871"]
[PlyCount "91"]
[EventDate "2016.10.09"]
[EventType "team-tourn"]
[EventRounds "11"]
[EventCountry "CZE"]
[SourceTitle "EXT 2022"]
[Source "ChessBase"]
[SourceDate "2021.10.06"]
[SourceVersion "1"]
[SourceVersionDate "2021.10.06"]
[SourceQuality "1"]
[WhiteTeam "Kladno"]
[BlackTeam "Karlovy Vary Tietz II"]
[WhiteTeamCountry "CZE"]
[BlackTeamCountry "CZE"]

1. c4 e5 2. g3 Nf6 3. Bg2 d5 4. cxd5 Nxd5 5. Nc3 Nb6 6. Nf3 Nc6 7. 0-0 Be7 8. d3 Be6 9. Be3 0-0 10. Qd2 f6 11. Ne4 Nd4 12. Rfc1 Qd7 13. Nc5 Bxc5 14. Rxc5 c6 15. b4 Rfd8 16. Bxd4 exd4 17. a3 Qd6 18. Qb2 Nd7 19. Rc2 Ne5 20. Nxe5 Qxe5 21. b5 Bd5 22. bxc6 bxc6 23. Bxd5+ Qxd5 24. Qa2 Rac8 25. Rc5 Qxa2 26. Rxa2 Re8 27. Kg2 Kf7 28. Kf3 Ke6 29. Ke4 Red8 30. Rac2 Rd6 31. R2c4 Re8 32. Ra5 Re7 33. Ra6 c5 34. Ra5 Rd5 35. Kf3 Rf5+ 36. Kg2 Kd6 37. Ra6+ Kd5 38. Kf1 Rfe5 39. Ra5 Kd6 40. f4 Rxe2 41. Raxc5 Rxh2 42. Rc6+ Kd7 43. Rc7+ Ke8 44. Rxe7+ Kxe7 45. Rc7+ Kf8 46. Rc8+ 1/2-1/2

[Event "CZE-chT2A 1617"]
[Site "Czech Republic"]
[Date "2016.12.11"]
[Round "5.8"]
[White "Spicka, Jan"]
[Black "Masek, Jan"]
[Result "1/2-1/2"]
[WhiteElo "1871"]
[BlackElo "1915"]
[PlyCount "51"]
[EventDate "2016.10.09"]
[EventType "team-tourn"]
[EventRounds "11"]
[EventCountry "CZE"]
[SourceTitle "EXT 2022"]
[Source "ChessBase"]
[SourceDate "2021.10.06"]
[SourceVersion "1"]
[SourceVersionDate "2021.10.06"]
[SourceQuality "1"]
[WhiteTeam "Karlovy Vary Tietz II"]
[BlackTeam "Praha Dukla"]
[WhiteTeamCountry "CZE"]
[BlackTeamCountry "CZE"]

1. e4 e5 2. Bc4 Nf6 3. d4 Nxe4 4. dxe5 Nc5 5. Be3 c6 6. Qh5 Ne6 7. f4 g6 8. Qe2 d5 9. Bd3 Nc5 10. Nf3 Nxd3+ 11. Qxd3 Nd7 12. 0-0 Nc5 13. Qe2 Ne4 14. Nbd2 Bf5 15. Nxe4 Bxe4 16. Ng5 Bf5 17. g4 Bc8 18. f5 gxf5 19. gxf5 Bh6 20. Qh5 Bxg5 21. Bxg5 Rg8 22. h4 h6 23. Qxh6 Qb6+ 24. Kh1 Qd4 25. Qh5 Qe4+ 26. Qf3 1/2-1/2

[Event "Karlovy Vary op"]
[Site "Karlovy Vary"]
[Date "2011.05.02"]
[Round "6"]
[White "Pospisil, Adolf"]
[Black "Spicka, Jan"]
[Result "1-0"]
[WhiteElo "1721"]
[BlackElo "1250"]
[PlyCount "41"]
[EventDate "2011.04.28"]
[EventType "swiss"]
[EventRounds "8"]
[EventCountry "CZE"]
[SourceTitle "CBM 142 Extra"]
[Source "ChessBase"]
[SourceDate "2011.06.27"]
[SourceVersion "1"]
[SourceVersionDate "2011.06.27"]
[SourceQuality "1"]

1. d4 d5 2. c4 dxc4 3. Nc3 e6 4. e3 Bb4 5. Bxc4 Bxc3+ 6. bxc3 a6 7. a4 Nf6 8. Ba3 Ne4 9. Qc2 Nd6 10. Bd3 f5 11. Nf3 0-0 12. 0-0 b6 13. e4 fxe4 14. Bxe4 Nxe4 15. Bxf8 Qxf8 16. Qxe4 Ra7 17. Ng5 g6 18. Rfe1 Qe8 19. d5 h6 20. Nxe6 Bxe6 21. dxe6 1-0